|
|
|
|
| LEADER |
00872cam a2200253 7i4500 |
| 001 |
0000020212 |
| 005 |
20221123090000.0 |
| 008 |
080526 eng |
| 020 |
|
|
|a 9780321466204 (hbk.)
|
| 020 |
|
|
|a 0321466209 (hbk.)
|
| 090 |
0 |
0 |
|a QA152.3
|b .B45 2008
|
| 100 |
1 |
|
|a Beecher, Judith A
|
| 245 |
1 |
0 |
|a Algebra and trigonometry
|c Judith A.Beecher, Judith A.Penna, Marvin L.Bittinger.
|
| 250 |
|
|
|a 3rd ed.
|
| 260 |
|
|
|a Boston:
|b Pearson/ Addison Wesley,
|c 2008.
|
| 300 |
|
|
|a xxvi, 938 p.:
|b col. ill.;
|c 26 cm.
|
| 500 |
|
|
|a Includes index
|
| 650 |
0 |
0 |
|a Algebra
|
| 700 |
1 |
|
|a Bittinger, Marvin L
|
| 700 |
1 |
|
|a Penna, Judith A
|
| 997 |
|
|
|a Engineering & Life Sciences, Faculty
|b Engineering, Department
|
| 997 |
|
|
|a Centre for Foundation and General Studies
|
| 998 |
|
|
|a Arts, Foundation
|
| 999 |
|
|
|a 0000031074
|b BOK
|c OPEN SHELF
|e 1st Floor, Bestari Jaya
|